Thủ Thiệm - Tiếng cười dân gian độc đáo xứ Quảng

Sách giới thiệu cuộc đời và hành trạng của Thủ Thiệm, những truyện cười của Thủ Thiệm trong kho tàng truyện cười dân gian Việt Nam.

Spremljeno u:
Bibliografski detalji
Autor kompanije: Hội Văn nghệ dân gian Việt Nam
Format: Knjiga
Jezik:Undetermined
Izdano: Hà Nội Lao động 2011
Teme:
Oznake: Dodaj oznaku
Bez oznaka, Budi prvi tko označuje ovaj zapis!
Thư viện lưu trữ: Trung tâm Học liệu Trường Đại học Cần Thơ
LEADER 00883nam a2200193Ia 4500
001 CTU_167667
008 210402s9999 xx 000 0 und d
082 |a 895.9227009 
082 |b H452 
110 |a Hội Văn nghệ dân gian Việt Nam 
245 0 |a Thủ Thiệm - Tiếng cười dân gian độc đáo xứ Quảng 
245 0 |c Nguyễn Văn Bổn (Sưu tầm, biên soạn) 
260 |a Hà Nội 
260 |b Lao động 
260 |c 2011 
520 |a Sách giới thiệu cuộc đời và hành trạng của Thủ Thiệm, những truyện cười của Thủ Thiệm trong kho tàng truyện cười dân gian Việt Nam. 
650 |a Humorous stories, Vietnamese,Truyện hài hước Việt Nam 
904 |i Trọng Hải 
980 |a Trung tâm Học liệu Trường Đại học Cần Thơ